| 000 | 00668 a2200253 4500 | ||
|---|---|---|---|
| 001 | 61339 | ||
| 999 |
_c61339 _d15663 |
||
| 003 | TR-AnTOB | ||
| 005 | 20210823083818.0 | ||
| 008 | 070521s2006 gea 00110 ger | ||
| 020 | _a9783851295351 | ||
| 041 | _ager | ||
| 050 | 0 |
_aDR435.A7 _bH35 2006 |
|
| 090 | _aDR435.A7 H35 2006 | ||
| 100 |
_aHalaçoğlu, Yusuf, _d1949- _995304 |
||
| 245 | 0 |
_aDie Armenierfrage / _cYusuf Halaçoğlu. |
|
| 264 | 1 |
_aKT ; Deutsch : _bWieser, _c2006. |
|
| 300 |
_a132 p.; _c24 cm. |
||
| 504 | _aIncludes index. | ||
| 650 | 0 |
_aArmenian question _vSources _917828 |
|
| 650 | 7 |
_aErmeni sorunu _vKaynaklar _2etuturkob _914984 |
|
| 901 | _a0019342 | ||
| 902 | _abs | ||
| 942 | _cBK | ||